Normal view
MARC view
- Yusuf, Maryam Osman
Entry Personal Name
001 - CONTROL NUMBER
- control field: 18200
003 - CONTROL NUMBER IDENTIFIER
- control field: NUST
005 - DATE AND TIME OF LATEST TRANSACTION
- control field: 20190720113846.0
008 - FIXED-LENGTH DATA ELEMENTS
- fixed length control field: 190720|| aca||aabn | a|a d
040 ## - CATALOGING SOURCE
- Original cataloging agency: NUST
- Transcribing agency: NUST
100 ## - HEADING--PERSONAL NAME
- Personal name: Yusuf, Maryam Osman
670 ## - SOURCE DATA FOUND
- Source citation: Work cat.: (NUST): Yusuf, Maryam Osman, Organizational Fitness Profiling and its Application in the Public Sector of Pakistan /, 2012.
